Eco-friendly credentials of natural rubber (Record no. 52492)

MARC details
000 -LEADER
fixed length control field 00534nam a2200133Ia 4500
100 ## - MAIN ENTRY--AUTHOR NAME
Personal name Jacob J.[a]
245 #0 - TITLE STATEMENT
Title Eco-friendly credentials of natural rubber
260 ## - PUBLICATION, DISTRIBUTION, ETC. (IMPRINT)
Name of publisher In: Global competitiveness of Indian rubber plantation industry: Rubber Planters' Conference, India 2002. (Ed. C. Kuruvilla Jacob). Rubber Research Institute of India, Kottayam, India, pp. 245-251.
Year of publication 2003
650 ## - SUBJECT ADDED ENTRY--TOPICAL TERM
Topical Term Ecofriendliness
650 ## - SUBJECT ADDED ENTRY--TOPICAL TERM
Topical Term Environmental impact
650 ## - SUBJECT ADDED ENTRY--TOPICAL TERM
Topical Term Natural rubber
942 ## - ADDED ENTRY ELEMENTS (KOHA)
Koha item type Bibliography STAF
Holdings
Withdrawn status Lost status Damaged status Not for loan Home library Current library Date acquired Koha item type
      Bibliography RRII Library RRII Library 09/04/2014 Bibliography STAF